[Event "ICS rated blitz match"]
[Site "204.178.125.65"]
[Date "2000.04.27"]
[Round "?"]
[White "Hossa"]
[Black "Vanhelgi"]
[Result "1-0"]
[WhiteElo "2395"]
[BlackElo "2371"]
[PlyCount "55"]
[EventDate "2000.??.??"]

1. e4 c5 2. Nf3 d6 3. d4 cxd4 4. Nxd4 Nf6 5. Nc3 a6 6. Bg5 e6 7. f4 Be7 8. Qf3
Qc7 9. O-O-O Nbd7 10. g4 b5 11. Bxf6 Nxf6 12. g5 Nd7 13. f5 Nc5 14. f6 gxf6 15.
gxf6 Bf8 16. Rg1 Bb7 17. b4 Na4 18. Nxa4 bxa4 19. Qe3 Rc8 20. Qa3 Bh6+ 21. Kb1
Kf8 22. Qh3 Bf4 23. Rg7 Be5 24. Nxe6+ fxe6 25. Rxc7 Rxc7 26. Qxe6 Bxe4 27. Bc4
Bg6 28. Rxd6 {Vanhelgi resigns} 1-0

[Event "ICS rated blitz match"]
[Site "204.178.125.65"]
[Date "2000.04.27"]
[Round "?"]
[White "Vanhelgi"]
[Black "Hossa"]
[Result "0-1"]
[WhiteElo "2356"]
[BlackElo "2410"]
[PlyCount "49"]
[EventDate "2000.??.??"]

1. d4 d5 2. c4 e6 3. Nc3 Nf6 4. Bg5 Be7 5. Nf3 O-O 6. e3 Nbd7 7. Rc1 c6 8. cxd5
exd5 9. Bd3 h6 10. Bh4 Nb6 11. h3 Be6 12. O-O Re8 13. Bb1 Nc4 14. b3 Nd6 15.
Ne5 Nd7 16. Bxe7 Qxe7 17. Nxd7 Bxd7 18. Qd2 Qg5 19. Kh1 Bf5 20. f4 Qe7 21. Rfe1
Bxb1 22. Rxb1 Nf5 23. Kh2 Nxe3 24. Nd1 Ng4+ 25. hxg4 {Vanhelgi resigns} 0-1

[Event "ICS rated standard match"]
[Site "204.178.125.65"]
[Date "2000.04.27"]
[Round "?"]
[White "Falke"]
[Black "Hossa"]
[Result "1-0"]
[WhiteElo "2382"]
[BlackElo "2338"]
[PlyCount "157"]
[EventDate "2000.??.??"]

1. d4 Nf6 2. c4 e6 3. Nc3 Bb4 4. Qc2 O-O 5. a3 Bxc3+ 6. Qxc3 d5 7. Bg5 h6 8.
Bxf6 Qxf6 9. Nf3 dxc4 10. Qxc4 Nc6 11. Qc5 Rd8 12. e3 Rd5 13. Qc4 Rd8 14. Be2
e5 15. dxe5 Nxe5 16. Qxc7 Nc6 17. O-O Qxb2 18. Bc4 Rd7 19. Qf4 Re7 20. Bd5 Rd7
21. Be4 Qc3 22. Rfc1 Qb3 23. Bxc6 bxc6 24. Ne5 Rb7 25. Nxc6 Rd7 26. Ne5 Rd2 27.
Rab1 Rc2 28. Rf1 Qe6 29. Qe4 Qf5 30. Qxa8 Qxe5 31. Rbc1 Qc7 32. Rxc2 Qxc2 33.
Qxa7 Be6 34. Qb8+ Kh7 35. Qb1 Bf5 36. Qxc2 Bxc2 37. Rc1 Bb3 38. Rb1 Be6 39. a4
h5 40. a5 Bc4 41. Rb6 Bd5 42. a6 f5 43. a7 h4 44. Rb5 Be4 45. Re5 Bb7 46. Rxf5
Kh6 47. Rb5 Ba8 48. Rb8 Bd5 49. Rd8 Bb7 50. Rd7 Ba8 51. Rd8 Bb7 52. Rb8 Bd5 53.
Rh8+ Kg5 54. Rd8 Bc6 55. Kf1 Bb5+ 56. Ke1 Bc6 57. f4+ Kf5 58. Rf8+ Ke4 59. Rc8
Bb7 60. Rb8 Bc6 61. Ke2 Kf5 62. Kf2 Be4 63. Rf8+ Kg6 64. g4 Bd5 65. h3 Kh7 66.
f5 g5 67. a8=Q Bxa8 68. Rxa8 Kg7 69. e4 Kf6 70. e5+ Kxe5 71. Ra6 Kd5 72. f6 Kc4
73. f7 Kb5 74. Rd6 Kc4 75. f8=Q Kc5 76. Qb8 Kc4 77. Rc6+ Kd4 78. Qd6+ Ke4 79.
Rc4# {Hossa checkmated} 1-0

[Event "ICS rated standard match"]
[Site "204.178.125.65"]
[Date "2000.04.27"]
[Round "?"]
[White "Hossa"]
[Black "Tempestad"]
[Result "1-0"]
[WhiteElo "2324"]
[BlackElo "2256"]
[PlyCount "58"]
[EventDate "2000.??.??"]

1. e4 c6 2. Nc3 d5 3. Nf3 Bg4 4. h3 Bxf3 5. Qxf3 d4 6. Bc4 dxc3 7. Bxf7+ Kd7 8.
Qf5+ Kc7 9. Bxg8 Rxg8 10. Qxh7 Qd4 11. dxc3 Qc4 12. Bf4+ Kb6 13. O-O-O g5 14.
Be3+ Kc7 15. h4 gxh4 16. Bf4+ Kb6 17. b3 Qe6 18. Rd8 a6 19. Rxh4 Ka7 20. Be3+
b6 21. Rf4 c5 22. Rf7 Rxg2 23. Rfxf8 Kb7 24. Rfe8 Rg1+ 25. Kb2 Nc6 26. Rxa8 a5
27. Rab8+ Ka6 28. Rbc8 Kb7 29. Qh2 Qe5 {Tempestad resigns} 1-0

[Event "ICS rated blitz match"]
[Site "204.178.125.65"]
[Date "2000.04.27"]
[Round "?"]
[White "Hossa"]
[Black "MissSilicon"]
[Result "0-1"]
[WhiteElo "2424"]
[BlackElo "2657"]
[PlyCount "116"]
[EventDate "2000.??.??"]

1. e4 e6 2. d4 d5 3. Nc3 Nf6 4. Bg5 dxe4 5. Nxe4 Nbd7 6. Nf3 Be7 7. Nxf6+ Bxf6
8. Qd2 O-O 9. O-O-O b6 10. h4 Bb7 11. Bb5 c6 12. Bc4 c5 13. d5 e5 14. Qe3 a6
15. Bd3 Bxg5 16. hxg5 g6 17. c4 Qe7 18. Qe4 f5 19. gxf6 Qxf6 20. Bf1 Qf4+ 21.
Qxf4 Rxf4 22. Rd2 Raf8 23. Be2 e4 24. Ng5 Rxf2 25. Rxh7 e3 26. Rd1 Rxe2 27.
Rxd7 Bc8 28. Re7 Bf5 29. Ne6 Rc2+ 30. Kb1 Rxc4+ 31. Ka1 Bxe6 32. Rxe6 Rd4 33.
Re1 Kg7 34. Re7+ Rf7 35. R7xe3 Rxd5 36. Ra3 a5 37. Kb1 Rf4 38. Re7+ Kf6 39. Re1
Rf2 40. Rb3 Rd6 41. g3 Kf5 42. Rbe3 g5 43. Re5+ Kg4 44. R1e4+ Kh3 45. Kc1 Rdd2
46. Rc4 Rxb2 47. Rxg5 Rxa2 48. Kb1 a4 49. Rc3 a3 50. g4+ Kh4 51. Rxa3 Rxa3 52.
Rg8 c4 53. Rh8+ Kg3 54. Re8 c3 55. Re3+ Kf4 56. Re2 Rxe2 57. g5 Rb2+ 58. Kc1
Ra1# {Hossa checkmated} 0-1

[Event "ICS rated blitz match"]
[Site "204.178.125.65"]
[Date "2000.04.27"]
[Round "?"]
[White "star"]
[Black "Hossa"]
[Result "1-0"]
[WhiteElo "2797"]
[BlackElo "2417"]
[PlyCount "95"]
[EventDate "2000.??.??"]

1. d4 d5 2. c4 c6 3. Nc3 Nf6 4. e3 e6 5. Nf3 Nbd7 6. Qc2 Be7 7. b3 c5 8. cxd5
cxd4 9. dxe6 dxc3 10. exd7+ Bxd7 11. Qxc3 Rc8 12. Qb2 O-O 13. Be2 Bf5 14. Nd4
Bb4+ 15. Bd2 Qa5 16. Nxf5 Bxd2+ 17. Qxd2 Qxf5 18. O-O Rcd8 19. Qb4 b6 20. Bf3
Rd3 21. Rac1 Qe5 22. Rfd1 Qb2 23. Qa4 a5 24. Qc6 Rxd1+ 25. Rxd1 Qxa2 26. Qxb6
h6 27. e4 Qc2 28. e5 Ne4 29. Qe3 Ng5 30. Bg4 Re8 31. f4 Ne4 32. Bf3 Qc5 33. Rd4
Nd2 34. Bd5 Qc1+ 35. Kf2 Qf1+ 36. Kg3 Nb1 37. Bc4 Qh1 38. Rd7 Rf8 39. e6 Kh7
40. Bd3+ g6 41. Rxf7+ Rxf7 42. exf7 Qg1 43. f8=N+ Kg8 44. Qe6+ Kxf8 45. Qf6+
Kg8 46. Bc4+ Kh7 47. Qf7+ Kh8 48. Qg8# {Hossa checkmated} 1-0

[Event "ICS Rated blitz match"]
[Site "204.178.125.65"]
[Date "2000.04.27"]
[Round "?"]
[White "Hossa"]
[Black "matmaster"]
[Result "1-0"]
[WhiteElo "2414"]
[BlackElo "1962"]
[PlyCount "47"]
[EventDate "2000.??.??"]

1. e4 c5 2. Nf3 d6 3. d4 cxd4 4. Nxd4 Nf6 5. Nc3 a6 6. Bg5 e6 7. f4 Qb6 8. Qd2
Qxb2 9. Rb1 Qa3 10. f5 Nc6 11. fxe6 fxe6 12. Nxc6 bxc6 13. e5 dxe5 14. Bxf6
gxf6 15. Ne4 Qxa2 16. Rd1 Be7 17. Be2 h5 18. O-O f5 19. Nd6+ Kf8 20. Bc4 Qa3
21. Nxc8 Rxc8 22. Bxe6 Rd8 23. Rxf5+ Ke8 24. Bd7+ {matmaster resigns} 1-0

[Event "ICS rated blitz match"]
[Site "204.178.125.65"]
[Date "2000.04.27"]
[Round "?"]
[White "stevesand"]
[Black "Hossa"]
[Result "0-1"]
[WhiteElo "2258"]
[BlackElo "2416"]
[PlyCount "114"]
[EventDate "2000.??.??"]

1. e4 e5 2. Nf3 Nc6 3. Bb5 a6 4. Ba4 Nf6 5. O-O Be7 6. Re1 b5 7. Bb3 d6 8. c3
Bg4 9. h3 Bxf3 10. Qxf3 O-O 11. d3 a5 12. Nd2 Qd7 13. a3 a4 14. Ba2 Rfd8 15.
Nf1 d5 16. Ng3 d4 17. Rd1 Ra6 18. Nf5 dxc3 19. bxc3 Kh8 20. Bg5 Rf8 21. Nxe7
Nxe7 22. d4 exd4 23. cxd4 h6 24. Bf4 Rd8 25. Rac1 Rc6 26. Rxc6 Nxc6 27. d5 b4
28. Bxh6 b3 29. Bb1 Ne5 30. Qg3 Ng6 31. Bg5 Qd6 32. Bxf6 Qxg3 33. fxg3 gxf6 34.
Rd4 Ra8 35. Kf2 Ne5 36. Ke3 c5 37. dxc6 Nxc6 38. Rd6 Ne5 39. Rxf6 Kg7 40. Rf1
Nc4+ 41. Kf4 Nxa3 42. Bd3 b2 43. e5 Rb8 44. Kg5 Rb3 45. Bf5 b1=Q 46. Bxb1 Nxb1
47. Rf4 a3 48. Ra4 Rxg3+ 49. Kf5 Rxg2 50. h4 a2 51. h5 Nc3 52. Ra7 Rg1 53. e6
a1=Q 54. Rxf7+ Kh6 55. Rf6+ Kxh5 56. Rf7 Qa5+ 57. Kf6 Qg5# 0-1

[Event "ICS rated blitz match"]
[Site "204.178.125.65"]
[Date "2000.04.27"]
[Round "?"]
[White "Hossa"]
[Black "stevesand"]
[Result "1-0"]
[WhiteElo "2425"]
[BlackElo "2249"]
[PlyCount "55"]
[EventDate "2000.??.??"]

1. e4 c6 2. d4 d5 3. Nc3 dxe4 4. Nxe4 Nd7 5. Ng5 Ngf6 6. Bd3 e6 7. N1f3 Bd6 8.
Qe2 h6 9. Ne4 Nxe4 10. Qxe4 Nf6 11. Qe2 Qc7 12. Bd2 b6 13. Ne5 Bb7 14. O-O O-O
15. Bf4 c5 16. dxc5 Qxc5 17. Rad1 Rad8 18. Bg3 Bb8 19. Rfe1 Rd5 20. c4 Rd4 21.
b4 Qxb4 22. Bh7+ Kxh7 23. Rxd4 Qe7 24. Nd7 Nxd7 25. Qd3+ g6 26. Rxd7 Qf6 27.
Rxb7 Bxg3 28. hxg3 {stevesand resigns} 1-0

[Event "ICS rated blitz match"]
[Site "204.178.125.65"]
[Date "2000.04.27"]
[Round "?"]
[White "stevesand"]
[Black "Hossa"]
[Result "0-1"]
[WhiteElo "2240"]
[BlackElo "2434"]
[PlyCount "62"]
[EventDate "2000.??.??"]

1. e4 e5 2. Nf3 Nc6 3. Bb5 a6 4. Ba4 Nf6 5. O-O Be7 6. Re1 b5 7. Bb3 d6 8. c3
O-O 9. h3 Na5 10. Bc2 c5 11. d4 Qc7 12. Nbd2 cxd4 13. cxd4 Bb7 14. Nf1 Rac8 15.
Re2 d5 16. exd5 exd4 17. Qxd4 Bc5 18. Qh4 Bxd5 19. Bg5 Bxf3 20. Bxf6 h6 21.
gxf3 Qc6 22. Bc3 b4 23. Bxg7 Kxg7 24. Ng3 Rg8 25. Kf1 Kf8 26. Rae1 b3 27. axb3
Qb6 28. Nh5 Rg5 29. f4 Bxf2 30. fxg5 Bxh4 31. Nf6 Qb5 {stevesand resigns} 0-1

[Event "ICS rated blitz match"]
[Site "204.178.125.65"]
[Date "2000.04.27"]
[Round "?"]
[White "Hossa"]
[Black "stevesand"]
[Result "1-0"]
[WhiteElo "2442"]
[BlackElo "2232"]
[PlyCount "65"]
[EventDate "2000.??.??"]

1. e4 c6 2. d4 d5 3. exd5 cxd5 4. c4 Nf6 5. Nc3 e6 6. Nf3 Be7 7. Bg5 O-O 8.
cxd5 Nxd5 9. Bxe7 Nxe7 10. Bc4 Nbc6 11. O-O b6 12. Bb5 Bb7 13. Bxc6 Bxc6 14.
Ne5 Bb7 15. Qd3 Rc8 16. Rfe1 Nf5 17. Rad1 Ne7 18. b3 Qc7 19. Rc1 Rfd8 20. Qd2
Ba8 21. Ne4 Qb7 22. Rxc8 Qxc8 23. Qg5 Ng6 24. Rc1 Qb8 25. Nxg6 hxg6 26. Qh4 Rd5
27. Ng5 Rd8 28. Qh7+ Kf8 29. Qh8+ Ke7 30. Qxg7 Qf4 31. Rc7+ Qxc7 32. Qxf7+ Kd6
33. Qxe6# 1-0

[Event "ICS rated blitz match"]
[Site "204.178.125.65"]
[Date "2000.04.27"]
[Round "?"]
[White "stevesand"]
[Black "Hossa"]
[Result "1-0"]
[WhiteElo "2225"]
[BlackElo "2449"]
[PlyCount "157"]
[EventDate "2000.??.??"]

1. e4 e5 2. Nf3 Nc6 3. Bb5 a6 4. Ba4 Nf6 5. O-O Be7 6. Re1 b5 7. Bb3 d6 8. c3
Bg4 9. h3 Bxf3 10. Qxf3 O-O 11. d3 a5 12. a3 a4 13. Ba2 Ra6 14. Nd2 Nd7 15. Nf1
Nc5 16. Ng3 Bg5 17. Be3 Bxe3 18. Qxe3 Qf6 19. Rad1 Nb3 20. Bxb3 axb3 21. d4 g6
22. Ne2 Ra4 23. d5 Na5 24. Nc1 Qh4 25. f3 f5 26. Qe2 fxe4 27. fxe4 Rc4 28. Rd3
Kh8 29. Re3 Qg5 30. Qd1 Ra4 31. Nxb3 Nxb3 32. Qxb3 Qh4 33. Qxb5 Qf2+ 34. Kh1
Raa8 35. Qe2 Qh4 36. Rf1 Rxf1+ 37. Qxf1 Kg8 38. Qe1 Qxe1+ 39. Rxe1 Ra4 40. Kg1
g5 41. Kf2 h5 42. Ke3 g4 43. h4 Ra8 44. Rf1 Rb8 45. Rf2 g3 46. Re2 Rf8 47. a4
Rf4 48. a5 Rxh4 49. b4 Rf4 50. a6 Rf1 51. Ra2 Rf8 52. a7 Ra8 53. Kf3 Kf7 54.
Kxg3 Kf6 55. Kf3 Ke7 56. Ke3 Kd8 57. c4 Kc8 58. c5 Kb7 59. Kf3 Rxa7 60. Rxa7+
Kxa7 61. Kg3 Ka6 62. Kh4 Kb5 63. cxd6 cxd6 64. Kxh5 Kc4 65. g4 Kd3 66. g5 Kxe4
67. g6 Kxd5 68. g7 Kc4 69. g8=Q+ d5 70. Kg5 Kd4 71. Kf5 e4 72. b5 Kc4 73. b6 e3
74. b7 e2 75. Qe6 e1=Q 76. Qxe1 Kd3 77. b8=Q Kd4 78. Qbb4+ Kd3 79. Qed2# {
Hossa checkmated} 1-0

[Event "ICS rated standard match"]
[Site "204.178.125.65"]
[Date "2000.04.27"]
[Round "?"]
[White "Zec46"]
[Black "Hossa"]
[Result "0-1"]
[WhiteElo "2094"]
[BlackElo "2337"]
[PlyCount "44"]
[EventDate "2000.??.??"]

1. d4 Nf6 2. c4 e6 3. Nc3 Bb4 4. Bg5 c5 5. d5 e5 6. Qc2 d6 7. a3 Ba5 8. e3 Nbd7
9. Bd3 h6 10. Bh4 g5 11. Bg3 b5 12. O-O-O Bxc3 13. Qxc3 bxc4 14. Bxc4 Nb6 15.
Ba2 Bb7 16. e4 Nxe4 17. Qf3 Nf6 18. h4 g4 19. Qf5 c4 20. f4 e4 21. Ne2 Bc8 22.
Nd4 Bxf5 {Zec46 resigns} 0-1

[Event "ICS rated standard match"]
[Site "204.178.125.65"]
[Date "2000.04.27"]
[Round "?"]
[White "Hossa"]
[Black "Zec46"]
[Result "1/2-1/2"]
[WhiteElo "2342"]
[BlackElo "2090"]
[PlyCount "247"]
[EventDate "2000.??.??"]

1. e4 e6 2. d4 d5 3. Nc3 Nf6 4. Bg5 Bb4 5. e5 h6 6. Bd2 Bxc3 7. bxc3 Ne4 8. Nf3
c5 9. Bd3 Nxd2 10. Qxd2 Nc6 11. Bb5 Qa5 12. c4 Qxd2+ 13. Kxd2 dxc4 14. Bxc6+
bxc6 15. dxc5 Ba6 16. Kc3 O-O-O 17. Rab1 Rd5 18. Kb4 Kc7 19. Ka5 Bc8 20. Rhd1
Rxc5+ 21. Kb4 Rb5+ 22. Kxc4 Rxb1 23. Rxb1 Ba6+ 24. Kc3 Rd8 25. Rb4 Rd5 26. Rf4
Rd7 27. Ra4 Kb6 28. Rg4 g5 29. h4 Rd5 30. hxg5 hxg5 31. Nxg5 Rxe5 32. Nxf7 Rc5+
33. Kb3 Rf5 34. Ng5 Rxf2 35. Nxe6 Bc8 36. Rb4+ Ka6 37. Nc5+ Ka5 38. c3 Rxg2 39.
a4 Bf5 40. Ka3 Rg4 41. Nb3+ Ka6 42. Rxg4 Bxg4 43. Kb4 Kb6 44. a5+ Kc7 45. Kc5
Bf3 46. Kd4 Bh1 47. c4 Bf3 48. Nc5 Be2 49. Ne4 Bf3 50. Ng5 Be2 51. c5 Bf1 52.
Nf7 Kb7 53. Ne5 Bg2 54. Kc3 Ka6 55. Kb4 Bd5 56. Ng4 Bf3 57. Nf6 Bg2 58. Ne8 Bh1
59. Nc7+ Kb7 60. Ne6 Ka6 61. Ka4 Bg2 62. Nf4 Bh1 63. Nd3 Bf3 64. Ne5 Bg2 65.
Nf7 Bf3 66. Kb4 Bh1 67. Nd6 Bg2 68. Ka4 Bh1 69. Nf5 Be4 70. Nd4 Bh1 71. Nc2 Bf3
72. Nb4+ Kb7 73. a6+ Kc7 74. Kb3 Be2 75. Kc2 Bf1 76. Kc3 Bg2 77. Kd3 Bf1+ 78.
Ke3 Bg2 79. Ke2 Be4 80. Kd2 Bg2 81. Nd3 Bf1 82. Kc3 Bg2 83. Kd4 Bf1 84. Nb4 Be2
85. Ke3 Bf1 86. Kf3 Bh3 87. Kf2 Bc8 88. Ke1 Bh3 89. Ke2 Bc8 90. Ke3 Bh3 91. Kd4
Bf1 92. Ke4 Bg2+ 93. Kf5 Bf1 94. Kf4 Bg2 95. Kg5 Bf1 96. Kf6 Be2 97. Ke7 Bf1
98. Ke6 Be2 99. Kf6 Bf1 100. Kg5 Be2 101. Kf4 Bb5 102. Kg4 Bc4 103. Kf3 Bf1
104. Kf2 Bh3 105. Ke1 Kd7 106. Kd2 Bf1 107. Kc3 Be2 108. Kd2 Bf1 109. Kd1 Bb5
110. Ke1 Ke6 111. Kf2 Ke5 112. Ke3 Ke6 113. Ke4 Kd7 114. Kd4 Bf1 115. Ke5 Bb5
116. Kf6 Bf1 117. Kf5 Bh3+ 118. Kf4 Bf1 119. Ke5 Bb5 120. Kf6 Bf1 121. Kf5 Bh3+
122. Kf4 Bf1 123. Ke5 Bb5 124. Kf6 1/2-1/2

[Event "ICS rated blitz match"]
[Site "204.178.125.65"]
[Date "2000.04.30"]
[Round "?"]
[White "Hossa"]
[Black "PostModernist"]
[Result "1/2-1/2"]
[WhiteElo "2424"]
[BlackElo "2642"]
[PlyCount "216"]
[EventDate "2000.??.??"]

1. e4 c5 2. Nf3 d6 3. d4 Nf6 4. Nc3 cxd4 5. Nxd4 e6 6. g4 e5 7. Bb5+ Bd7 8.
Bxd7+ Qxd7 9. Nf5 h5 10. gxh5 Nxe4 11. Nxg7+ Bxg7 12. Nxe4 d5 13. h6 dxe4 14.
hxg7 Qxd1+ 15. Kxd1 Rg8 16. Rg1 Nc6 17. Be3 Ne7 18. h4 Nf5 19. Bg5 Rxg7 20. Re1
Rg6 21. Rxe4 f6 22. Bd2 Rd8 23. h5 Rg2 24. Kc1 Rxf2 25. Ba5 b6 26. Be1 Rh2 27.
b4 Nd4 28. a4 Rxc2+ 29. Kb1 Rdc8 30. Ra2 Rc1+ 31. Kb2 Nf3 32. a5 Nxe1 33. Re3
R8c2+ 34. Ka3 bxa5 35. bxa5 Rc5 36. Kb2 R1c2+ 37. Ka1 Rxa2+ 38. Kxa2 Rxa5+ 39.
Kb2 Rb5+ 40. Kc1 Rc5+ 41. Kd1 Ng2 42. Rg3 Rd5+ 43. Kc1 Nf4 44. h6 Ne2+ 45. Kc2
Rc5+ 46. Kd1 Nc3+ 47. Ke1 Ne4 48. Rg8+ Kd7 49. h7 Rc1+ 50. Ke2 Rh1 51. h8=Q
Rxh8 52. Rxh8 a6 53. Ra8 Nc5 54. Ra7+ Kd6 55. Rf7 Nd7 56. Rh7 Ke6 57. Rh8 Nb6
58. Rb8 Nd5 59. Ra8 Nc7 60. Rc8 Kd7 61. Rf8 Ke7 62. Rc8 Ne6 63. Ra8 Nc5 64. Rb8
f5 65. Rb1 Ke6 66. Rc1 Kd5 67. Rd1+ Kc4 68. Rc1+ Kd4 69. Rd1+ Ke4 70. Rc1 Nb3
71. Rc3 Nd4+ 72. Kf2 Nb5 73. Rc4+ Kd5 74. Rc8 f4 75. Ra8 Nc7 76. Rd8+ Kc6 77.
Kf3 Ne6 78. Rd2 Nc5 79. Kg4 a5 80. Rd1 Kb5 81. Rd5 e4 82. Kxf4 Kc4 83. Rd2 a4
84. Ke5 Kc3 85. Rd5 Nb3 86. Kxe4 a3 87. Rd3+ Kb4 88. Ke3 a2 89. Rd1 Kc3 90. Re1
Nd4 91. Rh1 Nc2+ 92. Ke4 Kc4 93. Rc1 Kb3 94. Ke5 Kb2 95. Rd1 Ka3 96. Kf4 Ka4
97. Ke4 Kb5 98. Rd5+ Kb4 99. Rd1 Ka4 100. Ke5 Kb5 101. Kf6 Kb6 102. Kg6 Kc5
103. Kf6 Kc4 104. Ke5 Nb4 105. Ra1 Nd3+ 106. Kf5 Kb3 107. Ke4 Kb2 108. Rxa2+
Kxa2 1/2-1/2

[Event "ICS rated blitz match"]
[Site "204.178.125.65"]
[Date "2000.04.30"]
[Round "?"]
[White "PostModernist"]
[Black "Hossa"]
[Result "1-0"]
[WhiteElo "2633"]
[BlackElo "2433"]
[PlyCount "115"]
[EventDate "2000.??.??"]

1. d4 d5 2. Nf3 Nf6 3. e3 e6 4. c4 c5 5. Nc3 Nc6 6. cxd5 exd5 7. Be2 cxd4 8.
Nxd4 Be7 9. O-O O-O 10. a3 Nxd4 11. Qxd4 Be6 12. Rd1 Qc7 13. Bd2 Bd6 14. Qh4
Be5 15. f4 Bxc3 16. Bxc3 Ne4 17. Bd3 f5 18. Be5 Qf7 19. Rac1 Rfc8 20. g3 Nc5
21. Be2 Qd7 22. Rc2 Ne4 23. Rdc1 Qe8 24. Rc7 Bd7 25. g4 Rxc7 26. Rxc7 Rc8 27.
Rxb7 Rc1+ 28. Kg2 Rc2 29. Qe1 Bb5 30. Rxg7+ Kf8 31. Qb4+ Nc5 32. Rxh7 Rxe2+ 33.
Kh1 Qc6 34. Rc7 Qb6 35. Rxc5 Re1+ 36. Qxe1 Qxc5 37. gxf5 Qc4 38. Bd4 Qf1+ 39.
Qxf1 Bxf1 40. Bxa7 Bd3 41. f6 Kf7 42. Bd4 Be4+ 43. Kg1 Bc2 44. Kf2 Bf5 45. a4
Bc2 46. a5 Bd3 47. h4 Ke8 48. h5 Kf8 49. h6 Kf7 50. a6 Bxa6 51. h7 Bb5 52. h8=Q
Ke6 53. Qd8 Ba6 54. Qe7+ Kf5 55. f7 Bb7 56. f8=Q+ Kg4 57. Qg5+ Kh3 58. Qh8# {
Hossa checkmated} 1-0

[Event "ICS rated blitz match"]
[Site "204.178.125.65"]
[Date "2000.04.30"]
[Round "?"]
[White "PostModernist"]
[Black "Hossa"]
[Result "1-0"]
[WhiteElo "2648"]
[BlackElo "2418"]
[PlyCount "112"]
[EventDate "2000.??.??"]

1. d4 Nf6 2. c4 e6 3. Nf3 b6 4. g3 Ba6 5. b3 Bb4+ 6. Bd2 Be7 7. Bg2 Bb7 8. Nc3
O-O 9. O-O d5 10. Ne5 c5 11. Bc1 cxd4 12. Qxd4 Bc5 13. Qh4 Bd6 14. Bf4 Be7 15.
Qh3 Bb4 16. Rac1 Na6 17. cxd5 Bxc3 18. Rxc3 Nxd5 19. Rc4 Nc5 20. b4 Nd7 21. Rd4
Nxe5 22. Bxe5 Qe7 23. Rh4 f6 24. Rxh7 Qe8 25. Bd6 Qg6 26. Rh8+ Kf7 27. Rxf8+
Rxf8 28. Bxf8 Kxf8 29. Qh8+ Kf7 30. a4 Qc2 31. Bf3 Bc6 32. Bh5+ Ke7 33. Qxg7+
Kd6 34. Qxa7 Bd7 35. a5 bxa5 36. bxa5 Ke7 37. Qb7 Qc4 38. a6 Qc7 39. Qxc7 Nxc7
40. a7 e5 41. Rc1 Na8 42. Bf3 e4 43. Bxe4 Nb6 44. Rb1 Bf5 45. Bxf5 Na8 46. Rb7+
Kd6 47. Rb8 Kc5 48. Rxa8 Kb6 49. Bc8 Kc6 50. Rb8 Kc5 51. a8=Q f5 52. Bxf5 Kd6
53. Qa6+ Ke5 54. Qe6+ Kd4 55. Qd6+ Kc4 56. Be6+ Kc3 {Hossa resigns} 1-0

[Event "ICS rated blitz match"]
[Site "204.178.125.65"]
[Date "2000.04.30"]
[Round "?"]
[White "Hossa"]
[Black "PostModernist"]
[Result "1/2-1/2"]
[WhiteElo "2411"]
[BlackElo "2655"]
[PlyCount "160"]
[EventDate "2000.??.??"]

1. e4 c6 2. d4 d5 3. exd5 cxd5 4. c4 Nf6 5. Nc3 e6 6. Nf3 Bb4 7. cxd5 Nxd5 8.
Bd2 Nc6 9. Bd3 O-O 10. O-O Nxc3 11. bxc3 Be7 12. Qc2 h6 13. Bf4 Bd6 14. Bxd6
Qxd6 15. Bh7+ Kh8 16. Be4 Bd7 17. Rab1 Rab8 18. c4 f5 19. c5 Qc7 20. Bxc6 Bxc6
21. Ne5 Be4 22. Qa4 Bxb1 23. Ng6+ Kh7 24. Nxf8+ Rxf8 25. Rxb1 b6 26. c6 Rc8 27.
Rc1 Qf4 28. Qc4 b5 29. Qc3 Rc7 30. Rc2 Qd6 31. f3 b4 32. Qc4 a5 33. g3 a4 34.
Kg2 b3 35. axb3 axb3 36. Qxb3 Rxc6 37. Rxc6 Qxc6 38. Kf2 g5 39. h4 gxh4 40.
gxh4 Qd6 41. Kg2 Kg6 42. Qb5 Kh5 43. Qc5 Qd7 44. Qc4 Qg7+ 45. Kf1 Qf6 46. Qe2
Kxh4 47. Qh2+ Kg5 48. Qg1+ Kh5 49. Qe3 Kg6 50. f4 h5 51. Qg1+ Kh7 52. Qh1 h4
53. Qg1 Qh6 54. Qf2 Qh5 55. Qe3 h3 56. Qb3 h2 57. Qb7+ Kh6 58. Qh1 Qh3+ 59. Kf2
Kh5 60. d5 exd5 61. Qxd5 h1=Q 62. Qd1+ Q3f3+ 63. Qxf3+ Qxf3+ 64. Kxf3 Kh4 65.
Ke3 Kg3 66. Ke2 Kg4 67. Ke3 Kg3 68. Ke2 Kxf4 69. Kf2 Ke4 70. Ke2 f4 71. Kf2 f3
72. Kf1 Kf4 73. Kf2 Kg4 74. Kf1 Kg5 75. Kf2 Kf4 76. Kf1 Ke4 77. Kf2 Kf4 78. Kf1
Ke3 79. Ke1 f2+ 80. Kf1 Kf3 {Hossa stalemated} 1/2-1/2

[Event "ICS rated blitz match"]
[Site "204.178.125.65"]
[Date "2000.04.30"]
[Round "?"]
[White "PostModernist"]
[Black "Hossa"]
[Result "1-0"]
[WhiteElo "2645"]
[BlackElo "2421"]
[PlyCount "109"]
[EventDate "2000.??.??"]

1. d4 Nf6 2. c4 e6 3. Nf3 b6 4. g3 Ba6 5. Nbd2 Bb4 6. Qc2 Nc6 7. e4 e5 8. dxe5
Ng4 9. Qa4 Bb7 10. Be2 a5 11. O-O Ngxe5 12. Qc2 O-O 13. a3 Bd6 14. b3 Re8 15.
Bb2 Ng6 16. Rfd1 Bc5 17. Qc3 Bf8 18. Rac1 a4 19. b4 d6 20. Qe3 Be7 21. b5 Na5
22. Rb1 Nb3 23. Nxb3 axb3 24. Nd2 Bg5 25. f4 Bf6 26. Bxf6 Qxf6 27. Rxb3 Qe7 28.
Bf3 Ra4 29. Re1 Rea8 30. Rd3 Qd7 31. e5 Bxf3 32. Nxf3 Rxc4 33. exd6 Rca4 34. f5
Nf8 35. Ne5 Qxb5 36. dxc7 f6 37. Nd7 Qc6 38. Rc1 Rc4 39. Rxc4 Qxc4 40. Nxb6
Qxc7 41. Nxa8 Qc2 42. Nb6 g6 43. Nd5 gxf5 44. Qe7 Qc1+ 45. Kg2 Qc6 46. Kh3 Nd7
47. Rc3 Qxc3 48. Qe8+ Nf8 49. Ne7+ Kg7 50. Nxf5+ Kg8 51. Qe7 Qxg3+ 52. hxg3 Ne6
53. Nh6+ Kh8 54. Qxf6+ Ng7 55. Qf8# {Hossa checkmated} 1-0

[Event "ICS rated blitz match"]
[Site "204.178.125.65"]
[Date "2000.04.30"]
[Round "?"]
[White "Hossa"]
[Black "PostModernist"]
[Result "1-0"]
[WhiteElo "2414"]
[BlackElo "2652"]
[PlyCount "137"]
[EventDate "2000.??.??"]

1. e4 c6 2. d4 d5 3. Nc3 dxe4 4. Nxe4 Nd7 5. Ng5 Nb6 6. Bd3 g6 7. N1f3 Nh6 8.
O-O Bg7 9. c3 O-O 10. Ne4 Nf5 11. Be2 Qd5 12. Nfd2 Nh4 13. g3 Bh3 14. gxh4 f5
15. c4 Qxd4 16. Ng5 Bxf1 17. Kxf1 Rfb8 18. h5 Qh4 19. Ndf3 Qxh5 20. Ne6 Qh3+
21. Kg1 Rc8 22. Nfg5 Qh6 23. a4 Rab8 24. Ra3 Nxc4 25. Bxc4 Qh4 26. Nf4+ Kf8 27.
Nge6+ Kg8 28. Rh3 Qg4+ 29. Qxg4 fxg4 30. Ng5+ Kf8 31. Rxh7 Ke8 32. Rxg7 Kd7 33.
Be6+ Kc7 34. Rxe7+ Kb6 35. Nxg6 Re8 36. Bxg4 Ka5 37. b3 Kb4 38. Be6 Rxe7 39.
Nxe7 Re8 40. Bd2+ Ka3 41. Be3 Ka2 42. Nf5 a6 43. f4 b5 44. a5 Kb2 45. b4 Kc3
46. Bc5 Kb2 47. Kf2 Kc2 48. Nd4+ Kc1 49. Nxc6 Rh8 50. Kg3 Kc2 51. h4 Kd3 52.
Ne5+ Kc2 53. Kg4 Re8 54. f5 Rd8 55. f6 Kd1 56. h5 Rh8 57. Ng6 Ra8 58. h6 Re8
59. Kf5 Kc2 60. h7 Kd2 61. Ne5 Kc2 62. f7 Rh8 63. f8=Q Rxf8+ 64. Bxf8 Kd1 65.
h8=Q Kc1 66. Qh2 Kd1 67. Bb3+ Ke1 68. Nd3+ Kf1 69. Qf2# 1-0

[Event "ICS rated blitz match"]
[Site "204.178.125.65"]
[Date "2000.04.30"]
[Round "?"]
[White "sergor"]
[Black "Hossa"]
[Result "0-1"]
[WhiteElo "2298"]
[BlackElo "2440"]
[PlyCount "90"]
[EventDate "2000.??.??"]

1. d4 Nf6 2. c4 e6 3. Nc3 Bb4 4. e3 b6 5. Be2 Nc6 6. Nf3 O-O 7. Qc2 d5 8. cxd5
exd5 9. O-O Bg4 10. h3 Bxf3 11. Bxf3 Qd7 12. Bd2 Bxc3 13. Bxc3 Rfe8 14. Rac1 a6
15. Rfd1 g6 16. Be1 Re6 17. Qb3 Ne4 18. Rc2 f5 19. Rdc1 Nf6 20. Qa4 b5 21. Qb3
Rae8 22. Kf1 f4 23. Bd2 fxe3 24. Bxe3 Na5 25. Qb4 Nc4 26. b3 Rxe3 27. fxe3
Nxe3+ 28. Kf2 Nxc2 29. Rxc2 Qf5 30. Re2 Rxe2+ 31. Kxe2 Qb1 32. Qd2 Kg7 33. Kf2
h6 34. Qe2 Ne4+ 35. Bxe4 dxe4 36. Kg3 g5 37. Kf2 Kf6 38. Qd2 Ke6 39. d5+ Ke5
40. Qc3+ Kxd5 41. Qxc7 Qxa2+ 42. Kf1 Qb1+ 43. Ke2 Qd3+ 44. Ke1 Qe3+ 45. Kf1
Qf4+ {sergor resigns} 0-1

[Event "ICS rated blitz match"]
[Site "204.178.125.65"]
[Date "2000.04.30"]
[Round "?"]
[White "Hossa"]
[Black "sergor"]
[Result "1-0"]
[WhiteElo "2450"]
[BlackElo "2288"]
[PlyCount "69"]
[EventDate "2000.??.??"]

1. e4 c5 2. Nf3 e6 3. d4 cxd4 4. Nxd4 a6 5. Nc3 Qc7 6. Be2 Nf6 7. O-O d6 8. Bg5
Be7 9. Qd2 Nc6 10. Rfd1 Bd7 11. Nf3 h6 12. Bf4 Ne5 13. Nxe5 dxe5 14. Be3 Bc6
15. Bd3 Ng4 16. Qe2 Nxe3 17. Qxe3 b5 18. a4 b4 19. Nb1 O-O 20. Nd2 Rfb8 21. Nc4
Be8 22. Qe2 Bc5 23. Qh5 b3 24. c3 Rd8 25. Qxe5 Qxe5 26. Nxe5 a5 27. Bb5 Rxd1+
28. Rxd1 Bxb5 29. axb5 a4 30. Nd7 Rd8 31. Nf6+ gxf6 32. Rxd8+ Kg7 33. Kf1 a3
34. bxa3 b2 35. Rd1 {sergor resigns} 1-0